Statistics for Little Big Planet Series All Worlds

Click here to take the quiz!

General Stats

  • This quiz has been taken 50 times
  • The average score is 15 of 47

Answer Stats

GameWorld% Correct
KARTINGLittle Big Planet
100%
LBP1The Gardens
100%
RSRThe Gardens
100%
LBP1The Wedding
81%
LBP1The Metropolis
76%
LBP1The Savannah
76%
LBP1The Wilderness
71%
LBP1The Canyons
67%
RSRThe Canyons
67%
LBP2The Cosmos
52%
LBP1The Temples
52%
LBP2Eve's Asylum
48%
KARTINGEve's Asylum
48%
LBP1The Islands
48%
LBP2Avalonia
43%
RSRAvalonia
43%
LBP2Da Vinci's Hideout
38%
LBP2The Factory of a Better Tomorrow
38%
LBP3The Ziggurat
38%
KARTINGVictoria's Laboratory
33%
LBP2Victoria's Laboratory
33%
LBP3Manglewood
29%
LBP3Bunkum Lagoon
24%
PSPDown Under
14%
VITAJackpot City
14%
KARTINGMonster Islands
14%
LBP3Prologue
14%
VITASpooky Mansion
14%
PSPThe Carnival
14%
VITACoaster Valley
10%
KARTINGHoard, Sweet Hoard
10%
Prehistoic MovesPrehistoric Land
10%
VITAThe Land of Odd
10%
KARTINGThe Space Bass
10%
PSPGolden Sands
5%
PSPThe Bazaar
5%
KARTINGThe Progress Emporium
5%
PSPTinsel Town
5%
PSPAlpine Run
0%
VITALa Marionetta
0%
SABAThe Center of Craftworld
0%
SABAThe Colossal Canopy
0%
SABAThe Interstellar Junction
0%
SABAThe Kingdom of Crablantis
0%
PSPThe Orient
0%
SABAThe Soaring Summit
0%
SABAThe Wanderplane
0%

Score Distribution

Percentile by Number Answered

Percent of People with Each Score

Your Score History

You have not taken this quiz